000 01315cam a2200361 a 4500
999 _c8884
_d8884
001 11866327
003 HQ518 FAM 1998
005 20210526120303.0
008 990921s1998 lo b i000 0 eng
010 _a 99892425
020 _a9991161848
035 _a(DLC) 99892425
040 _aDLC
_cDLC
_dDLC
042 _alcode
043 _af-lo---
050 0 0 _aHQ1802
_b.F35 1998
082 0 0 _a305.42/096885
_221
245 0 0 _aFamily belonging for women in Lesotho /
_cresearch team, Puleng Letuka ... [et al.].
250 _a1st ed.
260 _a[Maseru] :
_bWomen and Law in Southern Africa Research Trust,
_c1998.
300 _axii, 184 p. ;
_c21 cm.
500 _aIncludes bibliographical references (p. 180-184).
504 _aIncludes bibliographical references (p. 180-184).
600 _2Family law
_zSouth Africa
650 0 _aWomen
_zLesotho
_xSocial conditions.
650 0 _aWomen
_zLesotho
_xEconomic conditions.
650 0 _aWomen
_zLegal status, laws, etc.
_zLesotho.
700 1 _aLetuka, P.
710 2 _aWomen and Law in Southern Africa Trust.
906 _a7
_bcbc
_corigode
_d3
_encip
_f19
_gy-gencatlg
942 _2lcc
_cBK
_e1st ed
_h518
_iFAM
_kHQ